000 00579nam a22002297a 4500
003 UA-OsUOA
001 66415
007 ta
008 20091228b un ||||| |||| 00| 0 ukr d
100 _aЯновський Ю.
090 _a821.161.2
_bЯ64
942 _cBK
040 _aUA-OsUOA
_bukr
_cUA-OsUOA
_dUA-OsUOA
245 _aВершники. Мир
_bРомани
300 _a285 с.
955 _a3
041 _aukr
080 _a821.161.2
260 _aК.
_c1976
650 7 _a82 Література. Літературознавство
_2UDC
999 _c352307
_d352307